Sports Quiz

Random Sports or Soccer Quiz
Score 0/97 Timer 10:00
0 Plays Today
Season Player % Correct
1999/00Thierry Henry
99.6%
2000/01Thierry Henry
99.6%
2001/02Thierry Henry
99.6%
2002/03Thierry Henry
99.6%
2003/04Thierry Henry
99.6%
2004/05Thierry Henry
99.6%
2005/06Thierry Henry
99.6%
2006/07Thierry Henry
99.6%
2017/18Pierre-Emerick Aubameyang
97.8%
2018/19Pierre-Emerick Aubameyang
97.8%
2017/18Alexandre Lacazette
97.6%
2018/19Alexandre Lacazette
97.6%
2004/05Robin van Persie
97.1%
2005/06Robin van Persie
97.1%
2006/07Robin van Persie
97.1%
2007/08Robin van Persie
97.1%
2008/09Robin van Persie
97.1%
2009/10Robin van Persie
97.1%
2010/11Robin van Persie
97.1%
2011/12Robin van Persie
97.1%
2001/02Robert Pirès
96.3%
2002/03Robert Pirès
96.3%
2003/04Robert Pirès
96.3%
2004/05Robert Pirès
96.3%
2005/06Robert Pirès
96.3%
2012/13Olivier Giroud
95.8%
2013/14Olivier Giroud
95.8%
2014/15Olivier Giroud
95.8%
2015/16Olivier Giroud
95.8%
2016/17Olivier Giroud
95.8%
1999/00Dennis Bergkamp
94.6%
2001/02Dennis Bergkamp
94.6%
2004/05Dennis Bergkamp
94.6%
Season Player % Correct
2014/15Alexis Sánchez
94.3%
2015/16Alexis Sánchez
94.3%
2016/17Alexis Sánchez
94.3%
2017/18Alexis Sánchez
94.3%
2013/14Mesut Özil
93.3%
2015/16Mesut Özil
93.3%
2016/17Mesut Özil
93.3%
2018/19Mesut Özil
93.3%
2010/11Theo Walcott
92.9%
2011/12Theo Walcott
92.9%
2012/13Theo Walcott
92.9%
2013/14Theo Walcott
92.9%
2014/15Theo Walcott
92.9%
2015/16Theo Walcott
92.9%
2016/17Theo Walcott
92.9%
2013/14Aaron Ramsey
91.5%
2014/15Aaron Ramsey
91.5%
2015/16Aaron Ramsey
91.5%
2017/18Aaron Ramsey
91.5%
1999/00Fredrik Ljungberg
89.4%
2000/01Fredrik Ljungberg
89.4%
2001/02Fredrik Ljungberg
89.4%
2002/03Fredrik Ljungberg
89.4%
2004/05Fredrik Ljungberg
89.4%
2007/08Cesc Fábregas
89.3%
2009/10Cesc Fábregas
89.3%
2006/07Emmanuel Adebayor
89.1%
2007/08Emmanuel Adebayor
89.1%
2008/09Emmanuel Adebayor
89.1%
2000/01Patrick Vieira
85.6%
2004/05Patrick Vieira
85.6%
2000/01Sylvain Wiltord
82.1%
2001/02Sylvain Wiltord
82.1%
Season Player % Correct
2002/03Sylvain Wiltord
82.1%
2008/09Andrey Arshavin
74.9%
2009/10Andrey Arshavin
74.9%
2010/11Andrey Arshavin
74.9%
2012/13Santi Cazorla
74%
2014/15Santi Cazorla
74%
1999/00Marc Overmars
72.5%
1999/00Nwankwo Kanu
71.5%
2002/03Nwankwo Kanu
71.5%
2004/05José Antonio Reyes
70%
2005/06José Antonio Reyes
70%
2006/07Gilberto Silva
69.9%
2008/09Samir Nasri
68.5%
2010/11Samir Nasri
68.5%
2007/08Nicklas Bendtner
66.4%
2008/09Nicklas Bendtner
66.4%
2009/10Nicklas Bendtner
66.4%
2017/18Danny Welbeck
65.5%
2012/13Lukas Podolski
65.2%
2013/14Lukas Podolski
65.2%
2007/08Tomas Rosicky
62.2%
2018/19Henrikh Mkhitaryan
61.3%
2011/12Mikel Arteta
60.9%
2012/13Mikel Arteta
60.9%
2010/11Marouane Chamakh
55.1%
2009/10Thomas Vermaelen
48.2%
2009/10Abou Diaby
48.2%
2011/12Thomas Vermaelen
48.2%
2017/18Nacho Monreal
46.4%
2012/13Gervinho
45.2%
1999/00Davor Suker
31.2%

You're not logged in!

Compare scores with friends on all Sporcle quizzes.
OR
Log In

Sporcle TV

Today on Sporcle TV


Watch our educational content, quiz creation guides, and fun videos on Sporcle TV.

Show Comments

Extras

Top Quizzes Today


Score Distribution

Paid Content

Your Account Isn't Verified!

In order to create a playlist on Sporcle, you need to verify the email address you used during registration. Go to your Sporcle Settings to finish the process.

Report this User

Report this user for behavior that violates our Community Guidelines.

Details: